Sports Quiz

Random Sports or Football Quiz

Матчи в Бундеслиге Quiz Stats

 Plays Quiz not verified by Sporcle

Support Sporcle.
Go Orange.
Score 0/20 Timer 10:00
0 Plays Today
Матчи Игрок % Correct
398Мануэль Нойер
94%
385Филипп Лам
84.4%
344Томас Мюллер
78.4%
462Клаудио Писарро
67.6%
342Бастиан Швайнштайгер
66.5%
324Матс Хуммельс
65%
328Марио Гомес
49.9%
403Штефан Кисслинг
48.3%
355Роман Вайденфеллер
35.7%
332Ведад Ибишевич
24.4%
Матчи Игрок % Correct
358Налдо
14.7%
383Гонсало Кастро
13.3%
351Халил Алтынтоп
11.6%
402Кристиан Гентнер
10.9%
332Рафинья
10.7%
331Клеменс Фритц
8.9%
321Оливер Бауманн
8%
347Франк Рост
7.1%
358Кристиан Шульц
5.7%
343Ханно Балич
3.7%

You're not logged in!

Compare scores with friends on all Sporcle quizzes.
OR
Log In

From the Vault

Pennsylvania Big 4 Teams

by Rob42

Pennsylvania is a great state if you like sports, and love to boo.
Remove Ads.
Support Sporcle.
Get the best of Sporcle when you Go Orange. This ad-free experience offers more features, more stats, and more fun while also helping to support Sporcle. Thank you for becoming a member.

Show Comments

Extras

Created May 22, 2020ReportNominate
Tags:Football Quiz, Soccer Quiz

Top Quizzes Today


Score Distribution

Your Account Isn't Verified!

In order to create a playlist on Sporcle, you need to verify the email address you used during registration. Go to your Sporcle Settings to finish the process.

Report this User

Report this user for behavior that violates our Community Guidelines.

Details: